|
|
|
|
| LEADER |
01346nam a2200373 4500 |
| 001 |
000023506 |
| 003 |
19958 |
| 005 |
20151218091215.0 |
| 008 |
151218s2011 engsd |
| 020 |
|
|
|a 9780077331320 (alk. paper)
|a 007733132X (alk. paper)
|
| 041 |
0 |
|
|a eng
|
| 082 |
1 |
4 |
|a 005.7565
|b OL-T
|
| 100 |
1 |
|
|a O'Leary, Timothy J.
|d 1947-
|
| 245 |
1 |
0 |
|a Microsoft Access 2010
|b a case approach
|c Timothy J. O'Leary, Linda I. O'Leary
|
| 246 |
|
|
|a Microsoft Office 2010
|b Access
|
| 250 |
|
|
|a Introductory ed.
|
| 260 |
|
|
|a New York, NY
|b McGraw-Hill
|c 2011
|
| 300 |
|
|
|a 1 v. (various pagings)
|b ill.
|c 28 cm.
|
| 490 |
|
|
|a The O'Leary series
|
| 500 |
|
|
|a Includes index
|
| 650 |
|
0 |
|a Microsoft Access
|
| 650 |
|
0 |
|a Database management
|
| 653 |
|
|
|a Tin học văn phòng
|
| 700 |
1 |
|
|a O'Leary, Linda I.
|d 1955-
|d 1963-
|d 1945-
|q Pamela A.
|q Erminio Peter
|t Understanding evolution
|
| OWN |
|
|
|a LSP
|
| AVA |
|
|
|a UDN50
|b LSP
|d 005.7565 OL-T
|e available
|t Error 5001 Not defined in file expand_doc_bib_avail.
|f 2
|g 0
|h N
|i 0
|k 1
|
| 999 |
|
|
|a From the UDN01
|
| AVA |
|
|
|a UDN50
|b LSP
|d 005.7565 OL-T
|e available
|t Error 5001 Not defined in file expand_doc_bib_avail.
|f 2
|g 0
|h N
|i 0
|k 1
|
| TYP |
|
|
|a Monograph
|
| TYP |
|
|
|a Printed language
|
| 980 |
|
|
|a Mạng thư viện Đại học Đà Nẵng
|